KOHA-Header-6

Entreprenuership (Record no. 646)

000 -LEADER
fixed length control field 00341nam a2200121Ia 4500
008 - FIXED-LENGTH DATA ELEMENTS--GENERAL INFORMATION
fixed length control field 190722s9999 xx 000 0 und d
020 ## - INTERNATIONAL STANDARD BOOK NUMBER
International Standard Book Number 978-93-392-0538-6
100 ## - MAIN ENTRY--PERSONAL NAME
Personal name Hisrich, Manimala, Peters, Shepherd
245 #0 - TITLE STATEMENT
Title Entreprenuership
260 ## - PUBLICATION, DISTRIBUTION, ETC. (IMPRINT)
Place of publication, distribution, etc New Delhi
Name of publisher, distributor, etc McGraw Hill Education (India) Private Limited
Date of publication, distribution, etc 2015
300 ## - PHYSICAL DESCRIPTION
Extent 696
942 ## - ADDED ENTRY ELEMENTS (KOHA)
Koha item type Books
Holdings
Withdrawn status Lost status Source of classification or shelving scheme Damaged status Not for loan Collection code Permanent Location Current Location Shelving location Date acquired Total Checkouts Total Renewals Full call number Barcode Date last seen Date checked out Price effective from Koha item type
          Management MAJU MAJU   2019-07-22 1 1 658.421 7272 2022-04-24 2022-04-09 2019-07-22 Management

Powered by Koha